Statistics for Saved By The Bell Trivia

Click here to take the quiz!

General Stats

  • This quiz has been taken 300 times
  • The average score is 11 of 15

Answer Stats

HintAnswer% Correct
Who is the star athlete?AC Slater
98%
Who is the cheerleader/homecoming queen?Kelly Kapowski
98%
Who is the fashionista?Lisa Turtle
96%
Who is the geek?Samuel "Screech" Powers
95%
Who is the principal?Richard Belding
92%
What is the name of the high school?Bayside High
90%
Who is the brainiac?Jessi Spano
82%
Who is the motorcycle chick?Tori Scott
75%
Who is the school bad boy?Zack Morris
75%
What is the name of the burger joint?The Max
73%
What is the school mascot?Tiger
73%
What beach club does the gang have jobs at over the summer?Malibu Sands
41%
Who is their middle school history & homeroom teacherMiss Bliss
39%
What is the name of the girls' singing group?Hot Sundae
28%
Who is the owner of the previous answer?Leon Karosi
27%

Score Distribution

Percentile by Number Answered

Percent of People with Each Score

Your Score History

You have not taken this quiz